<?xml version="1.0" encoding="UTF-8"?>
<marc:record xmlns:marc="http://www.loc.gov/MARC21/slim">
   <marc:leader>00000nam a2200000 a 4500</marc:leader>
   <marc:datafield ind1="1" ind2=" " tag="100">
      <marc:subfield code="a">Brown, Dan</marc:subfield>
      <marc:subfield code="4">aut</marc:subfield>
      <marc:subfield code="e">Verfasser/-in</marc:subfield>
   </marc:datafield>
   <marc:datafield ind1="0" ind2="0" tag="245">
      <marc:subfield code="a">Das verlorene Symbol.</marc:subfield>
   </marc:datafield>
   <marc:datafield ind1="0" ind2="0" tag="245">
      <marc:subfield code="b">Thriller.</marc:subfield>
   </marc:datafield>
   <marc:datafield ind1="0" ind2="0" tag="245">
      <marc:subfield code="c">Dan Brown</marc:subfield>
   </marc:datafield>
   <marc:datafield ind1=" " ind2="1" tag="264">
      <marc:subfield code="a">Bergisch Gladbach</marc:subfield>
      <marc:subfield code="b">Lübbe</marc:subfield>
      <marc:subfield code="c">2009</marc:subfield>
   </marc:datafield>
   <marc:datafield ind1=" " ind2=" " tag="250">
      <marc:subfield code="a">1</marc:subfield>
   </marc:datafield>
   <marc:datafield ind1="1" ind2=" " tag="520">
      <marc:subfield code="a">Kurzbeschreibung: Washington war nicht nur Präsident, er war auch Freimaurer - und Langdon ist eigentlich nach Washington D.C. gekommen, um über diesen Geheimbund und seine Bedeutung für die heutige USA einen Vortrag zu halten. Am Zusammenspiel dieser mysteriös verbundenen Fakten entzündet sich der Plot. Ein Handy-Anruf macht Langdon gleich mit seinem Gegner bekannt: Es ist ein schrecklich tätowierter Mann, der sich Mal'akh, "Engel", nennt. Er hat den verstümmelten Solomon, ebenfalls ein Freimaurer, in seiner Gewalt. Und er will, dass Langdon ihm beim Entschlüsseln des letzten großen Geheimnisses der Freimaurer hilft. Zwölf Stunden bleiben Browns Helden, um eine Katastrophe zu verhindern, "von der sich das Land nicht mehr erholen wird" - zwölf Stunden, in denen er durch Washington zieht, um eine Pyramide zu finden, die Aufschluss über alles gibt: verfolgt nicht nur von der verrinnenden Zeit und einer von Mal'akh gezogenen Spur mörderischer Gewalt, sondern auch von der CIA-Agentin Sato, von der zunächst unklar bleibt, auf welcher Seite sie eigentlich steht</marc:subfield>
   </marc:datafield>
   <marc:datafield ind1=" " ind2=" " tag="020">
      <marc:subfield code="a">3785723881</marc:subfield>
      <marc:subfield code="9">3785723881</marc:subfield>
   </marc:datafield>
   <marc:datafield ind1=" " ind2=" " tag="300">
      <marc:subfield code="a">765</marc:subfield>
   </marc:datafield>
</marc:record>
